| 000 | 01039cam a22002772 4500 | ||
|---|---|---|---|
| 001 | 0000018930 | ||
| 005 | 20151217145909.0 | ||
| 008 | 100816s xx 000 0 eng d | ||
| 020 | _a0199551613 : | ||
| 040 |
_aKABU _cKABU |
||
| 100 | 1 |
_aAbbey, Robert M. _@0000160377 |
|
| 245 | 1 | 2 |
_aA Practical approach to commercial conveyancing and property / _cRobert M. Abbey, Mark B. Richards. |
| 250 | _a4th ed. | ||
| 260 |
_aOxford : _bO. U. P., _c2009. |
||
| 300 | _axxxi, 503 p. | ||
| 650 | 0 |
_aConveyancing _zGreat Britain. _@0000160378 |
|
| 650 | 0 |
_aCommercial leases _zGreat Britain. _@0000178415 |
|
| 700 | 1 |
_aRichards, Mark B. _@0000160380 |
|
| 852 | 1 | _9p9425 KES | |
| 852 | 1 | _9p9425 KES | |
| 852 | 1 | _9p9425 KES | |
| 852 | 1 | _9p7143 KES | |
| 852 | 1 | _9p9425 KES | |
| 908 | _a100816 | ||
| 950 | _@1 | ||
| 999 |
_c3838 _d3838 |
||